Score 0/95 Timer 20:00
0 Plays Today
% Correct
Jennifer Aniston
87.9%
Lisa Kudrow
84.5%
Tina Fey
84.5%
Mary Tyler Moore
82.8%
Betty White
81%
Julia Louis-Dreyfus
79.3%
Bea Arthur
77.6%
Amy Poehler
74.1%
Lucille Ball
72.4%
Patricia Heaton
67.2%
Roseanne Barr
65.5%
Sarah Jessica Parker
65.5%
Mary-Louise Parker
65.5%
Shelley Long
62.1%
Kirstie Alley
62.1%
Rue McClanahan
60.3%
Candice Bergen
60.3%
Helen Hunt
60.3%
Bonnie Hunt
60.3%
Phylicia Rashad
58.6%
Calista Flockhart
56.9%
Edie Falco
56.9%
Melissa McCarthy
56.9%
Jean Stapleton
55.2%
Valerie Harper
53.4%
Jane Curtin
51.7%
Felicity Huffman
51.7%
Teri Hatcher
51.7%
Christina Applegate
50%
Marlo Thomas
46.6%
Nell Carter
46.6%
Marion Ross
46.6%
% Correct
Patricia Richardson
46.6%
Debra Messing
46.6%
Tracee Ellis Ross
46.6%
Phoebe Waller-Bridge
46.6%
America Ferrera
44.8%
Cloris Leachman
43.1%
Charlotte Rae
43.1%
Marcia Cross
43.1%
Toni Collette
43.1%
Lena Dunham
43.1%
Lily Tomlin
43.1%
Issa Rae
43.1%
Katherine Helmond
41.4%
Isabel Sanford
41.4%
Delta Burke
41.4%
Laura Linney
41.4%
Carol Kane
39.7%
Allison Janney
39.7%
Tyne Daly
37.9%
Ellen DeGeneres
37.9%
Cybill Shepherd
37.9%
Laura Dern
37.9%
Taylor Schilling
37.9%
Elizabeth Montgomery
36.2%
Jane Fonda
36.2%
Diahann Carroll
34.5%
Blair Brown
34.5%
Fran Drescher
34.5%
Stockard Channing
34.5%
Laurie Metcalf
34.5%
Bonnie Franklin
32.8%
Jane Kaczmarek
32.8%
% Correct
Ellie Kemper
32.8%
Rachel Brosnahan
32.8%
Linda Lavin
31%
Rita Moreno
31%
Annie Potts
31%
Hope Lange
29.3%
Zooey Deschanel
29.3%
Agnes Moorehead
27.6%
Cathryn Damon
27.6%
Polly Holliday
27.6%
Swoosie Kurtz
27.6%
Martha Plimpton
27.6%
Sandy Duncan
25.9%
Ruth Gordon
25.9%
Susan Saint James
25.9%
Jenna Elfman
25.9%
Natasha Lyonne
25.9%
Catherine O'Hara
25.9%
Suzanne Pleshette
24.1%
Mariette Hartley
24.1%
Paula Prentiss
22.4%
Joanna Cassidy
22.4%
Sarah Silverman
22.4%
Lea Michele
22.4%
Barbara Feldon
20.7%
Lee Grant
20.7%
Eileen Brennan
20.7%
Pamela Adlon
20.7%
Sheree North
17.2%
Lynn Redgrave
17.2%
Amy Schumer
12.1%

You're not logged in!

Compare scores with friends on all Sporcle quizzes.
OR
Log In

Sporcle TV

Today on Sporcle TV


Watch our educational content, quiz creation guides, and fun videos on Sporcle TV.

Show Comments

Extras

Top Quizzes Today


Score Distribution

Paid Content

Your Account Isn't Verified!

In order to create a playlist on Sporcle, you need to verify the email address you used during registration. Go to your Sporcle Settings to finish the process.

Report this User

Report this user for behavior that violates our Community Guidelines.

Details: